[Event "The Joe Lattyak Tournament"]
[Site "Bermuda"]
[Date "2016.11.16"]
[Round "6"]
[White "Don Dacres"]
[Black "Carlos Tavares"]
[Result "0-1"]
[WhiteElo "1691"]
[BlackElo "1697"]

1. e4 c6 2. d4 d6 3. c4 Nf6 4. Nc3 Qa5 5. Bd2 Qb6 6. Na4 Qxd4 7. f3 Be6 8. Qb3
b5 9. Be3 bxa4 10. Bxd4 axb3 11. Bxf6 exf6 12. axb3 Be7 13. Ne2 O-O 14. Nf4
Bc8 15. Be2 Nd7 16. Kf2 Ne5 17. Nd3 Nxd3+ 18. Bxd3 Rd8 19. Rhd1 Rd7 20. Rac1
c5 21. Ra1 a5 22. f4 Rb7 23. Bc2 Bg4 24. Rd2 Bd7 25. e5 Rb6 26. Rad1 fxe5 27.
fxe5 Raa6 28. h3 Bh4+ 29. Kf3 Be7 30. g3 g6 31. g4 Bc6+ 32. Kf4 h6 33. Rxd6
Bxd6 34. Rxd6 Bg2 35. Rd1 a4 36. g5 hxg5+ 37. Kxg5 axb3 38. Rd8+ Kg7 39. Bd3
Bxh3 40. Be4 Be6 41. Bd5 Ra2 42. Bxe6 Rxe6 43. Rd5 Rxe5+ 44. Rxe5 f6+ {#R} 0-1

[Event "The Joe Lattyak Tournament"]
[Site "Bermuda"]
[Date "2016.11.20"]
[Round "6"]
[White "Niccolo Walrond"]
[Black "Daniel Iwaloye"]
[Result "0-1"]
[WhiteElo "1428"]
[BlackElo "1500"]

1. e4 e5 2. Nf3 Nc6 3. Bc4 h6 4. Nc3 Nf6 5. d3 Bb4 6. Bd2 d6 7. Qe2 a6 8.
O-O-O Bg4 9. h3 Bh5 10. g4 Nxg4 11. hxg4 Bxg4 12. Rdg1 Nd4 13. Qe3 Bxf3 14.
Rh3 Qf6 15. Nd5 Bxd2+ 16. Qxd2 Qd8 17. c3 Ne2+ 18. Kb1 Nxg1 19. Rg3 c6 20. Ne3
Qf6 21. Rxg1 O-O-O 22. Nf5 h5 23. Rxg7 Rdf8 24. Qe3 Bg4 25. Rg5 Rhg8 26. Rxg8
Rxg8 27. d4 Bxf5 28. exf5 Qxf5+ 29. Kc1 Rg1+ 30. Kd2 Qb1 31. Qh3+ f5 32. Be6+
Kc7 33. Bxf5 Qxb2+ 34. Kd3 Qxf2 35. Kc4 h4 36. dxe5 Qe3 37. Qf1 {#R} 0-1